Energetické zdroje automobilo nekonvenčné : Energy sources for automobiles nonconventional
Salvato in:
| Autori principali: | , |
|---|---|
| Natura: | Libro |
| Lingua: | slovacco inglese |
| Pubblicazione: |
Žilina :
Žilinská univerzita,
2013
|
| Edizione: | 1. vyd. |
| Soggetti: | |
| Tags: |
Nessun Tag, puoi essere il primo ad aggiungerne!!
|
MARC
| LEADER | 00000nam a22000003a 4500 | ||
|---|---|---|---|
| 001 | stu287858 | ||
| 005 | 20150617230257.5 | ||
| 008 | 140402s2013----xo------------------slo-d | ||
| 020 | |a 978-80-554-0774-6 | ||
| 040 | |a STU |b slo | ||
| 041 | 0 | |a slo |a eng | |
| 044 | |a xo | ||
| 100 | 1 | |a Hlavňa, Vladimír |4 aut | |
| 245 | 1 | |a Energetické zdroje automobilo nekonvenčné : |b Energy sources for automobiles nonconventional | |
| 250 | |a 1. vyd. | ||
| 260 | |a Žilina : |b Žilinská univerzita, |c 2013 | ||
| 300 | |a 176 s., 93 obr., 7.tab | ||
| 650 | 7 | |a dopravné stroje |2 stusub | |
| 700 | 1 | |a Kovalčík, Andrej |4 aut | |
| 996 | |b 284J042186 |c J*116697 |l JJST |s P |a 0 |w stu287858_0001 | ||
| 996 | |b 284J042187 |c J*116698 |l JJSK |s A |a 24 |w stu287858_0002 | ||
| 996 | |b 284J042195 |c J*116706 |l JJSK |s A |a 24 |w stu287858_0003 | ||
| 996 | |b 284J042188 |c J*116699 |l JJSK |s A |a 24 |w stu287858_0004 | ||
| 996 | |b 284J042189 |c J*116700 |l JJSK |s A |a 24 |w stu287858_0005 | ||
| 996 | |b 284J042190 |c J*116701 |l JJSK |s A |a 24 |w stu287858_0006 | ||
| 996 | |b 284J042191 |c J*116702 |l JJSK |s A |a 24 |w stu287858_0007 | ||
| 996 | |b 284J042192 |c J*116703 |l JJSK |s A |a 24 |w stu287858_0008 | ||
| 996 | |b 284J042193 |c J*116704 |l JJSK |s A |a 24 |w stu287858_0009 | ||
| 996 | |b 284J042194 |c J*116705 |l JJSK |s A |a 24 |w stu287858_0010 | ||